Rap Artists by Album Cover - Sprint - Statistics

General Stats
  • This quiz has been taken 723 times
  • The average score is 11 of 16
Answer Stats
Picture Answer % Correct
Tyler, The Creator
96%
Kanye West
95%
50 Cent
87%
Drake
87%
Kendrick Lamar
86%
Juice Wrld
76%
J. Cole
73%
Kid Cudi
71%
Future & Metro Boomin
67%
Dr.Dre
64%
Travis Scott
64%
Childish Gambino
61%
Baby Keem
39%
Lil Wayne
36%
MF DOOM
34%
JAY-Z
32%
No matching quizzes found
Score Distribution
Percent of People with Each Score
Percentile by Number Answered
Your Score History
You have not taken this quiz